| 000 | 00791nam a22002537a 4500 | ||
|---|---|---|---|
| 999 |
_c12768 _d12768 |
||
| 003 | MIRAKIL | ||
| 005 | 20190220135751.0 | ||
| 008 | 190220b tu ||||| |||| 00| 0 tur d | ||
| 020 | _a9786058609785 | ||
| 040 |
_aTR-AnCHP _cTR-AnCHP |
||
| 041 | _atur | ||
| 082 |
_a355.03 _bS58 2014 |
||
| 245 | 1 | 0 |
_aSivil-asker ilişkileri ve ordu-toplum mesafesi / _cSalih Akyürek ...[ve öte.]. |
| 260 |
_aAnkara : _bBilgesam yayınları, _c2014. |
||
| 300 |
_axiv, 389 s. ; _c21 sm. |
||
| 500 | _aKaynakça ve dizin vardır. | ||
| 650 | 0 |
_95220 _aAsker sivil ilişkileri _xTürkiye |
|
| 650 | 0 |
_95221 _aOrdu ve siyaset _xTürkiye |
|
| 700 |
_95222 _aAkyürek, Salih |
||
| 700 |
_95223 _aKoydemir, Serap |
||
| 700 |
_95224 _aAtalay, Esra |
||
| 700 |
_95225 _aBıçaksız, Adnan |
||
| 942 |
_2ddc _cBKS |
||